नाटक भीषम प्रतिज्ञा / (Record no. 173756)

MARC details
000 -LEADER
fixed length control field 01127nam a22002537a 4500
005 - DATE AND TIME OF LATEST TRANSACTION
control field 20200306144547.0
010 ## - LCCN (DPL NO)
LC control number B-143226
020 ## - INTERNATIONAL STANDARD BOOK NUMBER
Terms of availability 125.00
International Standard Book Number 8186393218
035 ## - SYSTEM CONTROL NUMBER
System control number B-143226
037 ## - SOURCE OF ACQUISITION
Source of stock number/acquisition Cen Lib/Ret
082 ## - DEWEY DECIMAL CLASSIFICATION NUMBER
Classification number 822
Item number आगाह
100 ## - MAIN ENTRY--PERSONAL NAME
Personal name आगाहश्र , कश्मीरी
245 ## - TITLE STATEMENT
Title नाटक भीषम प्रतिज्ञा /
Statement of responsibility, etc आगाहश्र कश्मीरी ; अनुवादक चन्द्रभूषण मिश्र
246 ## - VARYING FORM OF TITLE
Title proper/short title Natak bhisham pratigya
Remainder of title by Aagaahshr '' kashmiri ; anuvadak Chandrabhusahn Mishar
260 ## - PUBLICATION, DISTRIBUTION, ETC. (IMPRINT)
Place of publication, distribution, etc ईटा नगर :
Name of publisher, distributor, etc हिमालियन पब्लिशर्स ,
Date of publication, distribution, etc 2003
270 ## - ADDRESS
Address 177, ईटा नगर
City ईटा नगर
Postal code 791111
300 ## - PHYSICAL DESCRIPTION
Extent 116पृष्ठ.
Dimensions 20सेमी(अजिल्द)
650 ## - SUBJECT ADDED ENTRY--TOPICAL TERM
Topical term or geographic name as entry element हिंदी साहित्य
650 ## - SUBJECT ADDED ENTRY--TOPICAL TERM
Topical term or geographic name as entry element हिंदी नाटक
650 ## - SUBJECT ADDED ENTRY--TOPICAL TERM
Topical term or geographic name as entry element hindi literature
650 ## - SUBJECT ADDED ENTRY--TOPICAL TERM
Topical term or geographic name as entry element hindi drama
700 ## - ADDED ENTRY--PERSONAL NAME
Personal name मिश्र, चंद्रभूषण
9 (RLIN) 84468
942 ## - ADDED ENTRY ELEMENTS (KOHA)
Source of classification or shelving scheme Dewey Decimal Classification
Item type Hindi Books
Classification part 822
Call number suffix आगाह
Holdings
Withdrawn status Lost status Not for loan Collection code Home library Current library Date acquired Cost, normal purchase price Full call number Barcode Cost, replacement price Koha item type
      Non-fiction Sarojini Nagar Sarojini Nagar 06/03/2020 125.00 822 आगाह B-143226 125.00 Hindi Books

© Delhi Public Library
Hit Counter
free hit counter